La Poesía se encuentra en Valparaíso

Na minha lista:
Detalhes bibliográficos
Main Authors: Cameron, Juan (Author), Véjar, Francisco (Author)
Autor Corporativo: Ilustre Municipalidad de Valparaíso (Author)
Outros Autores: Gavilán Muñoz, Ismael (autor)
Formato: Livro
Idioma:espanhol
Publicado em: Valparaíso Oikos Limitada 2000
Edição:1a. ed
Assuntos:
Tags: Adicionar Tag
Sem tags, seja o primeiro a adicionar uma tag!

MARC

LEADER 00000nam a2200000 a 4500
001 UCJ7977
003 CL-VaPUC
008 070124e20001115CL |||||||||||||||||spa|d
082 0 4 |a Ch861  |b CAM  |2 21 
100 0 |a Cameron, Juan  |e author  |9 458975 
651 0 |a Valparaíso, Chile  |9 261144 
700 0 |a Véjar, Francisco  |e author  |9 516564 
700 |a Gavilán Muñoz, Ismael  |e autor  |9 771789 
110 2 |a Ilustre Municipalidad de Valparaíso  |e author  |9 516566 
245 1 3 |a La Poesía se encuentra en Valparaíso 
250 |a 1a. ed 
300 |a 43 p 
942 |c BK 
945 |d 20070124 00:00:00  |a rinostro 
260 |a Valparaíso  |b Oikos Limitada  |c 2000 
500 |a Ilustraciones sin indizar 
600 0 7 |a ROA VIAL, ARMANDO  |2 CL-VaPUC  |9 516567 
600 0 7 |a PRADO, NADIA  |2 CL-VaPUC  |9 516568 
650 0 |a Poesía chilena   |9 268403 
650 7 |a POETAS PORTEÑOS  |2 CL-VaPUC  |9 516569 
650 0 |a Ilustraciones  |9 369481 
583 |a last modification  |c 20070124 00:00:00  |k Rodrigo Vera 
999 |c 323837  |d 323835 
952 |0 0  |1 0  |4 0  |6 CH_861_000000000000000_CAM_2000  |7 0  |8 X  |9 403658  |a FDOBUD  |b FDOBUD  |d 2019-11-22  |i 1071408  |o Ch861 CAM 2000  |p 1071408  |r 2019-11-22  |w 2019-11-22  |y BK_X  |k BUD